| 000 | 00514nam a22001811a 4500 | ||
|---|---|---|---|
| 020 | _a9788190664752 | ||
| 082 |
_aM3 (FTr.) _bMIK/U |
||
| 100 | _aMikhail Sholokhov | ||
| 245 |
_aUzhuthumaricha puthumannu/ _cby Mikhail Sholokhov |
||
| 260 |
_aKottayam: _bSahitya Pravartaka Co-operative Society, _c2008. |
||
| 300 | _a454p. | ||
| 650 | _aTranslation Russian Novel | ||
| 650 | _aNovel Malayalam | ||
| 650 | _aLiterature Malayalam | ||
| 650 | _aLiterature | ||
| 700 | _aChandrasekharan M R (tr.) | ||
| 942 | _cBK | ||
| 999 |
_c48589 _d48589 |
||